Diseño conceptual de un prototipo de molino para pet destinado a zonas Rurales / (Record no. 220699)
[ view plain ]
| 000 -CABECERA | |
|---|---|
| campo de control de longitud fija | 02712nam a2200325 a 4500 |
| 003 - IDENTIFICADOR DEL NÚMERO DE CONTROL | |
| campo de control | OSt |
| 005 - FECHA Y HORA DE LA ÚLTIMA TRANSACCIÓN | |
| campo de control | 20250805125549.0 |
| 007 - CAMPO FIJO DE DESCRIPCIÓN FÍSICA--INFORMACIÓN GENERAL | |
| campo de control de longitud fija | cr ||||||a|a|a |
| 008 - DATOS DE LONGITUD FIJA--INFORMACIÓN GENERAL | |
| campo de control de longitud fija | 250626s2025 mx a|||fom||| 001 0 spa d |
| 040 ## - FUENTE DE LA CATALOGACIÓN | |
| Normas de descripción | rda |
| 100 1# - ENTRADA PRINCIPAL--NOMBRE DE PERSONA | |
| Nombre de persona | Cruz Maldonado, Miguel |
| 9 (RLIN) | 190523 |
| 245 10 - MENCIÓN DE TÍTULO | |
| Título | Diseño conceptual de un prototipo de molino para pet destinado a zonas Rurales / |
| Mención de responsabilidad, etc. | por Miguel Cruz Maldonado; director de tesis María Victoria Gómez Águila; secretario Luis Tonatiuh Castellanos Serrano; vocal Hubert Tchikoué; suplente Bonifacio Gaona Ponce; suplente Omar Reséndiz Cantera. |
| 264 #1 - PRODUCCIÓN, PUBLICACIÓN, DISTRIBUCIÓN, FABRICACIÓN Y COPYRIGHT | |
| Producción, publicación, distribución, fabricación y copyright | Chapingo, México : |
| Nombre del de productor, editor, distribuidor, fabricante | El autor, |
| Fecha de producción, publicación, distribución, fabricación o copyright | 2024. |
| 300 ## - DESCRIPCIÓN FÍSICA | |
| Extensión | 1 recurso en línea (75 páginas): |
| Otras características físicas | cuadros, figuras. |
| 336 ## - TIPO DE CONTENIDO | |
| Fuente | rdacontent |
| Término de tipo de contenido | texto |
| Código de tipo de contenido | txt |
| 337 ## - TIPO DE MEDIO | |
| Fuente | rdamedia |
| Nombre/término del tipo de medio | computadora |
| Código del tipo de medio | c |
| 338 ## - TIPO DE SOPORTE | |
| Fuente | rdacarrier |
| Nombre/término del tipo de soporte | recurso en línea |
| Código del tipo de soporte | cr |
| 502 ## - NOTA DE TESIS | |
| Tipo de título | Ingeniería Mecánica Agrícola |
| Nombre de la institución que otorga el título | Departamento de Ingeniería Mecánica Agrícola, |
| Año de obtención del título | 2024. |
| Información miscelánea | Licenciatura |
| 504 ## - NOTA DE BIBLIOGRAFÍA, ETC. | |
| Nota de bibliografía, etc. | Incluye referencias bibliográficas: páginas 51-56. |
| 520 ## - SUMARIO, ETC. | |
| Sumario, etc. | Este trabajo presenta el diseño de un molino de bajo costo para la trituración de PET, específicamente diseñado para zonas rurales. La generación de residuos sólidos es un desafío creciente, y aunque muchos desechos pueden ser reciclados, las máquinas utilizadas para este propósito suelen ser de gran tamaño, alto costo y requieren de personal especializado para su operación, instalación y mantenimiento, lo que las hace inadecuadas para pequeñas producciones. Si bien existen alternativas más económicas, estas suelen ser adaptaciones de equipos diseñados para otros materiales, lo que compromete su eficiencia. El molino desarrollado en esta tesis se diseñó utilizando materiales comunes, permitiendo una fabricación sencilla sin herramientas especializadas. Su diseño de pocas piezas facilita su comprensión y operación. La máquina puede conectarse tanto a una red eléctrica doméstica como mediante paneles solares, lo que hace fácil de adaptar a diversas condiciones. El molino es impulsado por un motor de 2 caballos de fuerza, utiliza un reductor de velocidad con una relación de 15:1 y cuenta con un conjunto de 3 cuchillas móviles y 2 cuchillas fijas. |
| 650 #4 - PUNTO DE ACCESO ADICIONAL DE MATERIA--TÉRMINO DE MATERIA | |
| Término de materia o nombre geográfico como elemento de entrada | Residuos sólidos |
| Subdivisión general | Manejo |
| 9 (RLIN) | 190855 |
| 650 #4 - PUNTO DE ACCESO ADICIONAL DE MATERIA--TÉRMINO DE MATERIA | |
| Término de materia o nombre geográfico como elemento de entrada | Molinos |
| Subdivisión general | Diseño y construcción |
| 9 (RLIN) | 190856 |
| 700 1# - PUNTO DE ACCESO ADICIONAL--NOMBRE DE PERSONA | |
| Nombre de persona | Gómez Águila, María Victoria |
| Término indicativo de función/relación | director de tesis. |
| 9 (RLIN) | 185726 |
| 700 1# - PUNTO DE ACCESO ADICIONAL--NOMBRE DE PERSONA | |
| Nombre de persona | Castellanos Serrano, Luis Tonatiuh |
| 9 (RLIN) | 190723 |
| Término indicativo de función/relación | secretario. |
| 700 1# - PUNTO DE ACCESO ADICIONAL--NOMBRE DE PERSONA | |
| Nombre de persona | Tchikoué, Hubert |
| 9 (RLIN) | 190722 |
| Término indicativo de función/relación | vocal. |
| 700 1# - PUNTO DE ACCESO ADICIONAL--NOMBRE DE PERSONA | |
| Nombre de persona | Gaona Ponce, Bonifacio |
| 9 (RLIN) | 45572 |
| Término indicativo de función/relación | suplente. |
| 700 1# - PUNTO DE ACCESO ADICIONAL--NOMBRE DE PERSONA | |
| Nombre de persona | Reséndiz Cantera, Omar |
| Término indicativo de función/relación | suplente. |
| 9 (RLIN) | 96132 |
| 856 ## - LOCALIZACIÓN Y ACCESO ELECTRÓNICOS | |
| Identificador Uniforme del Recurso | http://10.13.5.2/tesis/tl/1810528-5_CRUZ_MALDONADO_MIGUEL.pdf |
| Nota pública | DESCARGAR PDF |
| 942 ## - ELEMENTOS DE PUNTO DE ACCESO ADICIONAL (KOHA) | |
| Fuente del sistema de clasificación o colocación | Clasificación Universidad Autónoma Chapingo |
| Tipo de ítem Koha | Tesis digital |
| Estado de retiro | Estado de pérdida | Fuente del sistema de clasificación o colocación | Estado dañado | Restricciones de uso | No para préstamo | Código de colección | Localización permanente | Ubicación/localización actual | Ubicación en estantería | Fecha de adquisición | Total de préstamos | Signatura topográfica completa | Fecha visto por última vez | Precio válido a partir de | Tipo de ítem Koha |
|---|---|---|---|---|---|---|---|---|---|---|---|---|---|---|---|
| Clasificación Universidad Autónoma de Chapingo | Préstamo interno | Tesis digitales de Licenciatura | Biblioteca Digital | Biblioteca Digital | En línea | 26/06/2025 | Tesis digital | 26/06/2025 | 26/06/2025 | Tesis digital |
